El collar de esmeraldas (Record no. 173774)

MARC details
000 -LEADER
campo de control de longitud fija 00882namaa2200169 i 4500
001 - NÚMERO DE CONTROL
campo de control 173774
003 - IDENTIFICADOR DE NÚMERO DE CONTROL
campo de control ES-MaACL
005 - FECHA Y HORA DE LA ÚLTIMA TRANSACCIÓN
campo de control 20230906215337.0
008 - DATOS DE LONGITUD FIJA--INFORMACIÓN GENERAL
campo de control de longitud fija 100118s1870 sp |||| | spa d
040 ## - FUENTE DE CATALOGACIÓN
Centro catalogador/agencia de origen SpMaBN
Lengua de catalogación spa
Centro/agencia transcriptor PAB
100 1# - ENTRADA PRINCIPAL--NOMBRE DE PERSONA
Nombre de persona Aranaz, Jacinto.
9 (RLIN) 141981
245 13 - MENCIÓN DEL TÍTULO
Título El collar de esmeraldas
Resto del título : drama en tres actos y en verso (imitación francesa) /
Mención de responsabilidad, etc. por Jacinto Aranaz.
260 ## - PUBLICACIÓN, DISTRIBUCIÓN, ETC.
Lugar de publicación, distribución, etc. Madrid :
Nombre del editor, distribuidor, etc. Administración Lírico-Dramática,
Fecha de publicación, distribución, etc. 1870 (
Fabricante Imp. de José Rodríguez)
300 ## - DESCRIPCIÓN FÍSICA
Extensión 77 p. ;
Dimensiones 20 cm.
500 ## - NOTA GENERAL
Nota general En port.: Representado ... en el Teatro de Lope de Rueda, el 11 de agosto de 1870, y demás noches subsiguientes.
852 ## - LOCALIZACIÓN
Ubicación ES-MaACL
Número de control de estantería B-8603(14)
Nota libre .- Enc. pasta española
condición física .- Falto de la cub. original
Nota libre .- Enc. en un vol. facticio formando parte de la col. facticia "Teatro español moderno", vol. 56
-- .- Dedicatoria del autor manuscrita a Juan Xifra
Holdings
Estatus retirado Estado de pérdida Estado de daño No para préstamo Colección Biblioteca de origen Biblioteca actual Ubicación en estantería Fecha de adquisición Fuente de adquisición Total de préstamos Signatura topográfica completa Código de barras Visto por última vez Precio de reemplazo Tipo de ítem Koha
        Libros del s. XIX Biblioteca del Ateneo de Madrid Biblioteca del Ateneo de Madrid Sala Pardo Bazán 18/01/2010     B-8603(14) 1182404 23/02/2023 23/02/2023 Libro impreso antiguo